| LEADER 00000nam 2200000uu 4500 |
| 001 209925 |
| 003 ULIBM |
| 008 140609s2012||||th 000 0 eng d |
| 020 ^a9780763777432
|
| 041 0 ^aeng
|
| 060 04 ^aWY157^bK29m 2012
|
| 100 1 ^aKelsey, Beth M.
|
| 245 00 ^aMiwifery & womens health nurse practitioner certification:^bstudy question book /^cBeth M. Kelsey.
|
| 246 30 ^aMiwifery and womens health nurse practitionercertification.
|
| 250 ^a2nd ed.
|
| 260 ^aSudbury, MA :^bJones & Bartlett Learning,^c2012.
|
| 300 ^avii, 94 p. :^bill. ;^c25 cm.
|
| 650 2 ^aWomens Health^xExamination Questions.
|
| 650 2 ^aPregnancy Complications^xnursing^xExamination Questions.
|
| 650 2 ^aNurse Midwives^xExamination Questions.
|
| 650 2 ^aGenital Diseases, Female^xnursing^xExamination Questions.
|
| 650 2 ^aMidwifery^xExamination Questions
|
| 999 ^aใช้งานได้ทุกระบบ
|